| 000 | 00470nam a22001817a 4500 | ||
|---|---|---|---|
| 999 |
_c1209 _d1209 |
||
| 003 | OSt | ||
| 005 | 20180908140833.0 | ||
| 008 | 180908b ||||| |||| 00| 0 eng d | ||
| 040 | _cDLC | ||
| 082 |
_a266 _bB115M |
||
| 100 | _aBabu, Jeevan | ||
| 245 |
_aMission Hermeneutics/ _cBY Jeevan Babu |
||
| 260 |
_aNagpur : _bNCCI Publication, _cc1996. |
||
| 300 | _a39 p.: | ||
| 504 | _aIncludes Bibliography.(p. 38-39) | ||
| 650 |
_aChurch Mission _zTheology |
||
| 942 |
_2ddc _cBK |
||